| 000 | 00565nam a2200229Ia 4500 | ||
|---|---|---|---|
| 003 | OSt | ||
| 005 | 20220918174308.0 | ||
| 006 | a|||||r|||| 00| 0 | ||
| 007 | ta | ||
| 008 | 220917b |||||||| |||| 00| 0 eng d | ||
| 024 | _a11,515 | ||
| 037 | _cTextual | ||
| 040 |
_aARTS _cARTS _beng |
||
| 041 |
_2eng _aeng |
||
| 082 | _aM(X:513), K3 (2D) | ||
| 100 |
_aMuscutt H C _949935 |
||
| 245 | 0 | _aDisplay technique | |
| 260 | _c1963 | ||
| 650 | _aINDUSTRIAL ARTS | ||
| 942 |
_hM(X:513), K3 (2D) _cTEXL _2CC |
||
| 999 |
_c152614 _d152614 |
||